| 000 | 01159cab a2200289 4500 | ||
|---|---|---|---|
| 001 | WB3110-22 | ||
| 008 | 090401t1995 xxu||||| |||| 00| 0 eng d | ||
| 035 | _a(Sirsi) u22578 | ||
| 041 | _aeng | ||
| 245 | _aPermitted development rights | ||
| 260 | _c1995 | ||
| 350 | _a0 | ||
| 490 |
_aDoE News Release _v(99) 6 March 1995 (3) |
||
| 520 | _aNew measures will mean that under certain conditions, permitted development rights will need formal planning approval if environmental assessment of the project is required. DoE Circular 3/95; SI 1995: 417. | ||
| 650 | _aTOWN AND COUNTRY PLANNING (ASSESSMENT OF ENVIRONMENTAL EFFECTS) REGULATIONS 1988 | ||
| 650 | _aENVIRONMENTAL AND PERMITTED DEVELOPMENT REGULATIONS 1995 | ||
| 650 | _aENVIRONMENTAL ASSESSMENT | ||
| 650 | _aGENERAL DEVELOPMENT ORDER 1988 | ||
| 650 | _aTOWN AND COUNTRY PLANNING (GENERAL DEVELOPMENT PROCEDURE) ORDER 1995 | ||
| 650 | _aGENERAL PERMITTED DEVELOPMENT ORDER 1995 | ||
| 650 | _aPERMITTED DEVELOPMENT RIGHTS | ||
| 650 | _aPLANNING APPLICATIONS | ||
| 650 | _aPLANNING PERMISSION | ||
| 690 | _aENVIRONMENTAL AND LAND CONSULTANCY | ||
| 942 | _n0 | ||
| 948 | _c04/03/1997 | ||
| 999 |
_c15130 _d15130 |
||